Central Library OPAC University of Rajshahi

Night and silence, who is here? : (Record no. 83265)

MARC details
000 -LEADER
fixed length control field 00601nam a2200205 a 4500
001 - CONTROL NUMBER
control field 83265
003 - CONTROL NUMBER IDENTIFIER
rucl marc code BD-RjUL
005 - DATE AND TIME OF LATEST TRANSACTION
control field 20240307121011.0
008 - FIXED-LENGTH DATA ELEMENTS--GENERAL INFORMATION
fixed length control field 240307s1963 enk 000 0 eng
035 ## - SYSTEM CONTROL NUMBER
System control number (BD-RjUL)83265
040 ## - CATALOGING SOURCE
Original cataloging agency DLC
Transcribing agency OMC
Modifying agency OCoLC
-- DLC
-- BD-RjUL
Language of cataloging eng
041 ## - LANGUAGE CODE
Language code of text/sound track or separate title eng
082 ## - DEWEY DECIMAL CLASSIFICATION NUMBER
Edition number 23
Classification number 823
Author mark and year JON 1963
100 1# - MAIN ENTRY--PERSONAL NAME
Personal name Johnson, Pamela Hansford,
Dates associated with a name 1912-1981.
9 (RLIN) 12136
245 10 - TITLE STATEMENT
Title Night and silence, who is here? :
Remainder of title an American comedy /
260 ## - PUBLICATION, DISTRIBUTION, ETC. (IMPRINT)
Place of publication, distribution, etc. London :
Name of publisher, distributor, etc. Macmillan & Co. ltd,
Date of publication, distribution, etc. 1963
300 ## - PHYSICAL DESCRIPTION
Pagination 246 p.;
Size 20 cm.
650 ## - SUBJECT ADDED ENTRY--TOPICAL TERM
Topical term or geographic name as entry element College teaching Fiction
9 (RLIN) 12137
942 ## - ADDED ENTRY ELEMENTS (KOHA)
Source of classification or shelving scheme Dewey Decimal Classification
Koha item type Books
Holdings
Lost status Source of classification or shelving scheme Damaged status Not for loan Collection code Permanent Location Current Location Shelving location Date acquired Source of acquisition Cost, normal purchase price Total Checkouts Full call number Date last seen Copy number Koha item type
  Dewey Decimal Classification   Not For Loan Fiction Central Library, University of Rajshahi Central Library, University of Rajshahi Reading Room 31/10/1968 Zeitlinger 21.00   823 JON 1963 07/03/2024 C-1 Books
  Dewey Decimal Classification     Fiction Central Library, University of Rajshahi Central Library, University of Rajshahi General Stacks 19/12/1970 Swets & Zeitlinger 10.60   823 JON 1963 11/03/2024 C-2 Books